[Event "Medellin Flores op 30th"]
[Site "Medellin"]
[Date "2023.08.06"]
[Round "6"]
[White "Cardona, Marisol"]
[Black "Sierra, Henry Alberto"]
[Result "1-0"]
[WhiteElo "1214"]
[BlackElo "1455"]
[PlyCount "45"]
[EventDate "2023.08.03"]
[EventType "swiss"]
[EventRounds "9"]
[EventCountry "COL"]
[SourceTitle "EXT 2024"]
[Source "ChessBase"]
[SourceDate "2023.10.10"]
[SourceVersion "1"]
[SourceVersionDate "2023.10.10"]
[SourceQuality "1"]

1. d4 Nf6 2. c4 e6 3. Nc3 d5 4. cxd5 exd5 5. Bg5 Be7 6. e3 c6 7. Bd3 Nbd7 8. Nf3 h6 9. Bf4 0-0 10. h3 Re8 11. 0-0 Nf8 12. Qc2 Be6 13. Rab1 Qc8 14. Rfc1 Nh5 15. Be5 Bf6 16. b4 b5 17. Qe2 Bxe5 18. Nxe5 Nf6 19. Nxb5 Bxh3 20. Rxc6 Bg4 21. Rxc8 Bxe2 22. Rxe8 Rxe8 23. Bxe2 1-0

[Event "COL-ch Visually impaired"]
[Site "Cartagena"]
[Date "2019.12.06"]
[Round "6.11"]
[White "Munoz, Mauricio"]
[Black "Sierra, Henry Alberto"]
[Result "1-0"]
[WhiteElo "1668"]
[BlackElo "1459"]
[PlyCount "83"]
[EventDate "2019.12.03"]
[EventType "swiss"]
[EventRounds "6"]
[EventCountry "COL"]
[SourceTitle "EXT 2024"]
[Source "ChessBase"]
[SourceDate "2023.10.10"]
[SourceVersion "1"]
[SourceVersionDate "2023.10.10"]
[SourceQuality "1"]

1. e4 c5 2. c3 d6 3. d4 cxd4 4. cxd4 Nf6 5. Nc3 g6 6. Nf3 Bg7 7. Bc4 Nc6 8. h3 0-0 9. 0-0 a6 10. Be3 b5 11. Bd3 Bb7 12. Re1 Nb4 13. Bb1 Nc6 14. Qd2 e5 15. Bc2 exd4 16. Nxd4 Ne5 17. Bh6 Nc4 18. Qc1 Re8 19. Bxg7 Kxg7 20. b3 Ne5 21. Qd2 d5 22. f4 Nc6 23. e5 Ne4 24. Nxe4 dxe4 25. Rad1 Nxd4 26. Qxd4 Qxd4+ 27. Rxd4 Rad8 28. Rxd8 Rxd8 29. Bxe4 Bxe4 30. Rxe4 Rd2 31. a4 Rb2 32. axb5 axb5 33. Rb4 f6 34. exf6+ Kxf6 35. Rxb5 h6 36. b4 g5 37. fxg5+ hxg5 38. Rb8 Kf5 39. b5 Kf4 40. Kh2 Ke3 41. b6 Kf2 42. b7 1-0

[Event "COL-ch Visually impaired"]
[Site "Cartagena"]
[Date "2019.12.05"]
[Round "5.8"]
[White "Sierra, Henry Alberto"]
[Black "Quintero, Raul"]
[Result "0-1"]
[WhiteElo "1459"]
[BlackElo "1856"]
[PlyCount "130"]
[EventDate "2019.12.03"]
[EventType "swiss"]
[EventRounds "6"]
[EventCountry "COL"]
[SourceTitle "EXT 2024"]
[Source "ChessBase"]
[SourceDate "2023.10.10"]
[SourceVersion "1"]
[SourceVersionDate "2023.10.10"]
[SourceQuality "1"]

1. d4 Nf6 2. c4 g6 3. Nc3 d6 4. e4 Bg7 5. Nf3 c6 6. Be2 a5 7. 0-0 0-0 8. Be3 h6 9. Nd2 e5 10. dxe5 dxe5 11. a4 Na6 12. Nb3 Qc7 13. f3 Be6 14. Nc5 Rfe8 15. Nxa6 Rxa6 16. Qc2 Bf8 17. Rfd1 Raa8 18. Rd2 Red8 19. Rad1 Kh7 20. Rxd8 Rxd8 21. Rxd8 Qxd8 22. c5 Nh5 23. Qd2 Qc7 24. Bf1 Nf4 25. Ne2 Nh5 26. Qc3 Nf6 27. Nc1 Nd7 28. Nd3 Be7 29. b4 axb4 30. Qxb4 f6 31. Qd2 Bf8 32. Nb2 Bxc5 33. Bxc5 Nxc5 34. Qb4 Nb3 35. Bc4 Nd4 36. Bxe6 Nxe6 37. Nc4 Kg7 38. Na5 Nd8 39. Nc4 Nf7 40. Na5 Nd8 41. Nc4 c5 42. Qb6 Qxb6 43. Nxb6 Kf7 44. Kf2 Ke6 45. Ke3 Nf7 46. Kd3 Nd6 47. Nc4 Nc8 48. Na5 b6 49. Nc4 Kd7 50. a5 Kc6 51. axb6 Nxb6 52. Nxb6 Kxb6 53. Kc4 Kc6 54. g3 f5 55. exf5 gxf5 56. h3 e4 57. fxe4 fxe4 58. g4 Kd6 59. h4 Ke5 60. g5 hxg5 61. h5 g4 62. h6 Kf6 63. h7 Kg7 64. Kc3 Kxh7 65. Kd2 Kg6 0-1

[Event "COL-ch Visually impaired"]
[Site "Cartagena"]
[Date "2019.12.03"]
[Round "1.8"]
[White "Sierra, Henry Alberto"]
[Black "Castillo Perez, Jaider Enrique"]
[Result "0-1"]
[WhiteElo "1459"]
[BlackElo "1756"]
[PlyCount "66"]
[EventDate "2019.12.03"]
[EventType "swiss"]
[EventRounds "6"]
[EventCountry "COL"]
[SourceTitle "EXT 2024"]
[Source "ChessBase"]
[SourceDate "2023.10.10"]
[SourceVersion "1"]
[SourceVersionDate "2023.10.10"]
[SourceQuality "1"]

1. d4 d5 2. c4 c6 3. Nf3 Nf6 4. Nc3 e6 5. Bg5 Be7 6. e3 0-0 7. Bd3 dxc4 8. Bxc4 Nbd7 9. 0-0 Nd5 10. e4 Nxc3 11. bxc3 b5 12. Bb3 Bb7 13. Bxe7 Qxe7 14. a4 a6 15. d5 cxd5 16. exd5 exd5 17. axb5 axb5 18. Rxa8 Rxa8 19. Bxd5 Nb6 20. Bxb7 Qxb7 21. Re1 Qc7 22. Qe2 Qd7 23. Nd4 Nc4 24. h3 g6 25. Qf3 Ra6 26. Nb3 Rc6 27. Rd1 Rd6 28. Rxd6 Qxd6 29. Qe2 Kg7 30. Nd4 Qd5 31. Qe8 b4 32. Qb5 Qxb5 33. Nxb5 b3 0-1

[Event "Uni De Paula Santander op 4th"]
[Site "Ocana"]
[Date "2019.08.24"]
[Round "4"]
[White "Florez Caceres, Rafael Omar"]
[Black "Sierra, Henry Alberto"]
[Result "1-0"]
[WhiteElo "1561"]
[BlackElo "1487"]
[PlyCount "39"]
[EventDate "2019.08.23"]
[EventType "swiss"]
[EventRounds "7"]
[EventCountry "COL"]
[SourceTitle "EXT 2020"]
[Source "ChessBase"]
[SourceDate "2019.10.17"]
[SourceVersion "1"]
[SourceVersionDate "2019.10.17"]
[SourceQuality "1"]

1. e4 c5 2. Nc3 d6 3. g3 Nc6 4. Bg2 e5 5. Nge2 Nf6 6. 0-0 Be7 7. d3 h6 8. h3 0-0 9. Be3 a6 10. Qd2 Nd4 11. f4 Nxe2+ 12. Nxe2 Nd7 13. Rae1 Rb8 14. c3 b5 15. d4 Qc7 16. f5 Nf6 17. g4 Bb7 18. Ng3 d5 19. dxe5 Qxe5 20. Bf4 1-0

[Event "Medellin op 2nd"]
[Site "Medellin"]
[Date "2019.05.09"]
[Round "3.5"]
[White "Care Garcia, Jose Joaquin"]
[Black "Sierra, Henry Alberto"]
[Result "1-0"]
[WhiteElo "1651"]
[BlackElo "1509"]
[PlyCount "77"]
[EventDate "2019.05.08"]
[EventType "swiss"]
[EventRounds "6"]
[EventCountry "COL"]
[SourceTitle "EXT 2024"]
[Source "ChessBase"]
[SourceDate "2023.10.10"]
[SourceVersion "1"]
[SourceVersionDate "2023.10.10"]
[SourceQuality "1"]

1. e4 c5 2. Nf3 d6 3. d4 cxd4 4. Nxd4 Nf6 5. Nc3 a6 6. Be3 Nc6 7. Nxc6 bxc6 8. Bc4 e5 9. 0-0 Be7 10. Qe2 0-0 11. Rad1 Qc7 12. Bb3 Bb7 13. f3 Rad8 14. Na4 Qb8 15. Rfe1 d5 16. Bb6 Rd7 17. exd5 cxd5 18. Qxe5 Bd6 19. Qf5 Bxh2+ 20. Kh1 Bc8 21. Bd4 Re7 22. Qg5 Rxe1+ 23. Rxe1 Bf4 24. Be5 Bxe5 25. Qxe5 Qb4 26. c3 Qh4+ 27. Kg1 h6 28. Rf1 Re8 29. Qd4 Qg3 30. Qf2 Qg5 31. Re1 Rxe1+ 32. Qxe1 Bh3 33. Qe2 Nh5 34. Qe8+ Kh7 35. Bc2+ g6 36. Qxf7+ Ng7 37. Qxg6+ Qxg6 38. Bxg6+ Kxg6 39. gxh3 1-0

[Event "COL visually impaired 14th"]
[Site "Armenia"]
[Date "2018.11.09"]
[Round "1.14"]
[White "Nunez Palma, Diego Fernando"]
[Black "Sierra, Henry Alberto"]
[Result "0-1"]
[WhiteElo "1494"]
[BlackElo "1545"]
[PlyCount "72"]
[EventDate "2018.11.09"]
[EventType "swiss"]
[EventRounds "6"]
[EventCountry "COL"]
[SourceTitle "EXT 2024"]
[Source "ChessBase"]
[SourceDate "2023.10.10"]
[SourceVersion "1"]
[SourceVersionDate "2023.10.10"]
[SourceQuality "1"]

1. e4 c5 2. c4 d6 3. Nc3 Nf6 4. f3 Nc6 5. Nge2 g6 6. Nd5 Nxd5 7. cxd5 Ne5 8. d3 Bg7 9. d4 Nd7 10. dxc5 Nxc5 11. Nf4 Bd7 12. Nd3 Nxd3+ 13. Qxd3 0-0 14. Be2 Rc8 15. 0-0 Qb6+ 16. Kh1 a6 17. Rb1 Qc5 18. Be3 Qc2 19. Qxc2 Rxc2 20. Bd3 Rxb2 21. Rxb2 Bxb2 22. Rb1 Bf6 23. Rxb7 Bb5 24. Bc2 Rc8 25. Bb3 Rc3 26. Bh6 Rc8 27. a4 Bg7 28. Be3 Bc4 29. Bd1 e6 30. Rb2 Bxb2 31. f4 exd5 32. Bg4 Rb8 33. h3 dxe4 34. Bd7 d5 35. a5 Bc3 36. Bg4 d4 0-1

[Event "COL-ch sf 2nd"]
[Site "Tunja"]
[Date "2018.04.19"]
[Round "4"]
[White "Sierra, Henry Alberto"]
[Black "Serrato, Rafael Antonio"]
[Result "0-1"]
[WhiteElo "1522"]
[BlackElo "1871"]
[PlyCount "78"]
[EventDate "2018.04.17"]
[EventType "swiss"]
[EventRounds "10"]
[EventCountry "COL"]
[SourceTitle "CBM 184 Extra"]
[Source "ChessBase"]
[SourceDate "2018.06.28"]
[SourceVersion "1"]
[SourceVersionDate "2018.06.28"]
[SourceQuality "1"]

1. d4 Nf6 2. c4 e6 3. Nf3 d5 4. Nc3 c6 5. Bg5 Be7 6. e3 Nbd7 7. Bd3 0-0 8. 0-0 Re8 9. Qc2 h6 10. Bh4 Nh5 11. Bxe7 Qxe7 12. Rfe1 dxc4 13. Bxc4 Nb6 14. Bb3 c5 15. dxc5 Qxc5 16. Qe2 Nf6 17. Rac1 Qh5 18. Nb5 Rd8 19. Nbd4 Bd7 20. Rc7 Rab8 21. Rec1 Rdc8 22. R1c5 Nbd5 23. Bxd5 Rxc7 24. Rxc7 Qxd5 25. Qc4 Qxc4 26. Rxc4 a6 27. Ne5 Be8 28. f3 Kf8 29. e4 Ke7 30. Kf2 Kd6 31. Nd3 Nd7 32. Nb4 Nb6 33. Rc2 Rc8 34. Rxc8 Nxc8 35. f4 Kc5 36. Nbc2 Nd6 37. b3 Nxe4+ 38. Ke3 Nf6 39. g4 Nxg4+ 0-1

[Event "Uni De Paula Santander op 2nd"]
[Site "Ocana"]
[Date "2016.09.25"]
[Round "6"]
[White "Sierra, Henry Alberto"]
[Black "Pacheco Quintero, Omar"]
[Result "0-1"]
[WhiteElo "1561"]
[BlackElo "1603"]
[PlyCount "70"]
[EventDate "2016.09.23"]
[EventType "swiss"]
[EventRounds "7"]
[EventCountry "COL"]
[SourceTitle "EXT 2018"]
[Source "ChessBase"]
[SourceDate "2017.10.13"]
[SourceVersion "1"]
[SourceVersionDate "2017.10.13"]
[SourceQuality "1"]

1. d4 g6 2. c4 Bg7 3. Nf3 Nf6 4. Nc3 0-0 5. e4 d6 6. Be2 Re8 7. 0-0 Nc6 8. Be3 Bd7 9. Rc1 Ng4 10. h3 Nxe3 11. fxe3 Qc8 12. Nh2 Nd8 13. Bg4 h5 14. Bxd7 Qxd7 15. Qf3 e5 16. d5 c6 17. Qf2 Rf8 18. Qh4 Bh6 19. Rf3 f6 20. g4 Bg5 21. Qg3 h4 22. Qf2 Qc7 23. Rf1 Kg7 24. Qe2 a6 25. a4 Rb8 26. R3f2 Qb6 27. Nd1 Qb4 28. Nf3 Nf7 29. Nxg5 Nxg5 30. Kh2 Nxe4 31. Rg2 Qxa4 32. Qd3 cxd5 33. Qxd5 Qc6 34. Qxc6 bxc6 35. Nf2 Nd2 0-1

[Event "Bogota Distrital-ch 77th"]
[Site "Bogota"]
[Date "2015.05.02"]
[Round "5"]
[White "Sierra, Henry Alberto"]
[Black "Pena Mora, Carlos"]
[Result "0-1"]
[WhiteElo "1600"]
[BlackElo "1632"]
[PlyCount "58"]
[EventDate "2015.04.30"]
[EventType "swiss"]
[EventRounds "7"]
[EventCountry "COL"]
[SourceTitle "CBM 166 Extra"]
[Source "ChessBase"]
[SourceDate "2015.06.18"]
[SourceVersion "1"]
[SourceVersionDate "2015.06.18"]
[SourceQuality "1"]

1. d4 Nf6 2. c4 e6 3. Bg5 h6 4. Bh4 Be7 5. Nc3 b6 6. e3 Bb7 7. Nf3 Ne4 8. Bxe7 Qxe7 9. Nxe4 Bxe4 10. Bd3 f5 11. Bxe4 fxe4 12. Ne5 Qb4+ 13. Qd2 Qxd2+ 14. Kxd2 d6 15. Ng6 Rg8 16. b4 Nd7 17. Nf4 Kf7 18. Nh5 g6 19. Ng3 Nf6 20. c5 d5 21. cxb6 cxb6 22. Rac1 Rgc8 23. h3 b5 24. Rxc8 Rxc8 25. Rc1 Rc4 26. Rxc4 bxc4 27. Ne2 g5 28. Nc3 a6 29. a4 Nd7 0-1